[Event "Asia-ch U20 Girls"]
[Site "Tashkent UZB"]
[Date "2012.06.02"]
[Round "4.10"]
[White "Mamatkulova, Maftuna"]
[Black "Abdul, Majeed Dina Ameer"]
[Result "1/2-1/2"]
[WhiteElo "2031"]
[BlackElo "1877"]
[EventDate "2012.05.30"]
[PlyCount "99"]

1.d4 d5 2.c4 e6 3.Nc3 c6 4.cxd5 exd5 5.Nf3 Nf6 6.Bg5 Be7 7.e3 Bf5 8.Bd3 
Bxd3 9.Qxd3 Nbd7 10.O-O O-O 11.Rab1 a5 12.Qc2 Re8 13.h3 Ne4 14.Nxe4 dxe4 
15.Bxe7 Qxe7 16.Nd2 Nb6 17.f3 Nd5 18.Rbe1 exf3 19.Rxf3 Qg5 20.Nf1 Re6 21.
Qb3 Qe7 22.Ng3 Qb4 23.Kf2 Qxb3 24.axb3 Nb4 25.Rd1 g6 26.e4 h5 27.e5 Rd8 
28.Ne4 Rxe5 29.dxe5 Rxd1 30.Nd6 Rd2+ 31.Kg1 Rxb2 32.Rxf7 Re2 33.Re7 Nd3 
34.Re8+ Kg7 35.Re7+ Kg8 36.Nxb7 Rxe5 37.Rxe5 Nxe5 38.Nxa5 Kf7 39.Kf2 Ke6 
40.Ke3 Kf5 41.Nb7 g5 42.Nd6+ Ke6 43.Ne4 Kf5 44.Ng3+ Kg6 45.Ne2 Kf6 46.Ke4 
h4 47.Nd4 Nd7 48.Ke3 c5 49.Nf3 Kf5 50.Nd2 1/2-1/2

[Event "Asia-ch U20 Girls"]
[Site "Tashkent UZB"]
[Date "2012.06.03"]
[Round "5.1"]
[White "Vo, Thi Kim Phung"]
[Black "Pujari, Rucha"]
[Result "1-0"]
[WhiteElo "2155"]
[BlackElo "2192"]
[EventDate "2012.05.30"]
[PlyCount "111"]

1.d4 d5 2.Nf3 Nf6 3.e3 e6 4.c4 Be7 5.Bd3 O-O 6.O-O dxc4 7.Bxc4 c5 8.a3 
cxd4 9.exd4 a6 10.a4 b6 11.Qe2 Nc6 12.Rd1 Nb4 13.Ne5 Bb7 14.Nc3 Nbd5 15.
Bg5 h6 16.Be3 Bb4 17.Nxd5 Nxd5 18.Qh5 Nxe3 19.fxe3 Qg5 20.Qxg5 hxg5 21.
Rac1 Rfc8 22.Nd3 Bd6 23.Nf2 Bd5 24.Bxd5 exd5 25.Nd3 f6 26.Kf2 Kf7 27.h3 
Ke6 28.Rxc8 Rxc8 29.Rc1 Rxc1 30.Nxc1 Kd7 31.Nd3 Kc6 32.b4 Kd7 33.b5 a5 34.
Kf3 f5 35.g3 Ke6 36.Ne1 Kf6 37.Ng2 Bc7 38.g4 g6 39.h4 gxh4 40.Nxh4 Kg5 41.
gxf5 gxf5 42.Ng2 Bd6 43.Ne1 f4 44.Ng2 fxe3 45.Nxe3 Bc7 46.Nxd5 Bd8 47.Ke4 
Kg4 48.Ne3+ Kg3 49.Nc4 Kf2 50.d5 Ke2 51.d6 Kd1 52.Kd5 Kc2 53.Kc6 Kb3 54.
Nxb6 Kb4 55.Nd5+ Kxa4 56.b6 1-0

[Event "Asia-ch U20 Girls"]
[Site "Tashkent UZB"]
[Date "2012.06.03"]
[Round "5.3"]
[White "Khursanova, Farida"]
[Black "Ivana Maria, Furtado"]
[Result "0-1"]
[WhiteElo "1855"]
[BlackElo "2065"]
[EventDate "2012.05.30"]
[PlyCount "96"]

1.d4 Nf6 2.c4 e6 3.Nc3 Bb4 4.a3 Bxc3+ 5.bxc3 O-O 6.Qc2 c5 7.e3 Nc6 8.Bd3 
b6 9.Nf3 d5 10.O-O Na5 11.cxd5 c4 12.Be2 exd5 13.Ne5 g6 14.Qd1 Ne4 15.Bb2 
Nb3 16.Ra2 Bf5 17.Ba1 b5 18.f3 Nd6 19.Bb2 f6 20.Ng4 Qe7 21.Bc1 Rae8 22.
Nh6+ Kg7 23.Nxf5+ Nxf5 24.e4 dxe4 25.f4 Nd6 26.a4 a6 27.Ba3 Qd7 28.Bc5 Qc7
29.Bb4 Rf7 30.Bg4 f5 31.Be2 e3 32.g3 Ne4 33.axb5 axb5 34.Bf3 Nf2 35.Raxf2 
exf2+ 36.Rxf2 Qb8 37.Re2 Ra7 38.Rxe8 Qxe8 39.Qe2 Ra1+ 40.Kf2 Qxe2+ 41.Kxe2
Nc1+ 42.Ke3 Na2 43.Bd6 Nxc3 44.d5 Kf7 45.Kd4 Ne4 46.Bb4 Rb1 47.Ba5 b4 48.
g4 c3 0-1

[Event "Asia-ch U20 Girls"]
[Site "Tashkent UZB"]
[Date "2012.06.03"]
[Round "5.5"]
[White "Kurbonboeva, Sarvinoz"]
[Black "Nasriddinzoda, Marvorii"]
[Result "1-0"]
[WhiteElo "2199"]
[BlackElo "2033"]
[EventDate "2012.05.30"]
[PlyCount "53"]

1.c4 d6 2.Nc3 e5 3.g3 Be7 4.Bg2 Nf6 5.Nf3 O-O 6.O-O c6 7.d3 Nbd7 8.e4 a5 
9.h3 Rb8 10.a4 Qc7 11.d4 Re8 12.Be3 b6 13.Rc1 Ba6 14.b3 Qb7 15.d5 cxd5 16.
exd5 Qc8 17.Qc2 Nc5 18.Nd2 Nfd7 19.Kh2 Qd8 20.f4 Rb7 21.Rce1 Bf8 22.Nde4 
Nxe4 23.Nxe4 h6 24.fxe5 Nxe5 25.Bxh6 gxh6 26.Nf6+ Kh8 27.Qh7# 1-0

[Event "Asia-ch U20 Girls"]
[Site "Tashkent UZB"]
[Date "2012.06.03"]
[Round "5.6"]
[White "Verbova, Polina"]
[Black "Saranya, J"]
[Result "0-1"]
[WhiteElo "1912"]
[BlackElo "2091"]
[EventDate "2012.05.30"]
[PlyCount "50"]

1.e4 c5 2.Nf3 d6 3.d4 cxd4 4.Nxd4 Nf6 5.Nc3 a6 6.Bg5 Nc6 7.Nxc6 bxc6 8.f4 
Qb6 9.Qf3 e6 10.O-O-O Bd7 11.Bc4 Be7 12.e5 d5 13.Bb3 Ng8 14.Na4 Qa5 15.
Bxe7 Nxe7 16.Qc3 Qxc3 17.bxc3 Rb8 18.Nc5 Rb5 19.Nxa6 Ra5 20.Nb8 Bc8 21.Rd4
Kd8 22.Kd2 Kc7 23.Rb1 Bb7 24.Nxc6 Nxc6 25.Rd3 Ba6 0-1

[Event "Asia-ch U20 Girls"]
[Site "Tashkent UZB"]
[Date "2012.06.03"]
[Round "5.9"]
[White "Tohirjonova, Gulruhbegim"]
[Black "Baizhanova, Zhanar"]
[Result "1/2-1/2"]
[WhiteElo "1947"]
[BlackElo "1994"]
[EventDate "2012.05.30"]
[PlyCount "109"]

1.e4 c5 2.Nf3 Nc6 3.d4 cxd4 4.Nxd4 e5 5.Nb5 d6 6.c4 Be7 7.N1c3 a6 8.Na3 f5
9.exf5 Bxf5 10.Bd3 Be6 11.O-O Nf6 12.Nc2 O-O 13.Ne3 Nd4 14.b3 Qd7 15.Ncd5 
Rab8 16.Bb2 Bd8 17.Rc1 b5 18.f4 g6 19.Qe1 Bxd5 20.cxd5 Bb6 21.Kh1 Rbe8 22.
Qd2 Qa7 23.Rce1 Nh5 24.fxe5 Rxf1+ 25.Nxf1 dxe5 26.Qg5 Qg7 27.Be4 Nf6 28.
Ng3 Bd8 29.Qd2 Bb6 30.Rc1 Qd7 31.Bxd4 Bxd4 32.Qa5 Nxd5 33.Qxa6 Rf8 34.Bd3 
Nc3 35.Ne4 Nxe4 36.Bxe4 Be3 37.Rb1 Rf4 38.Qc6 Qxc6 39.Bxc6 b4 40.g3 Rf2 
41.Bd5+ Kg7 42.Re1 Bd4 43.Rc1 Rxa2 44.Rc7+ Kh6 45.Bg8 Ra7 46.Rxa7 Bxa7 47.
Kg2 Kg7 48.Bd5 Kf6 49.Kf3 h5 50.Ke4 Bg1 51.h3 h4 52.gxh4 Bf2 53.h5 gxh5 
54.Bc6 Bg3 55.Bd5 1/2-1/2

[Event "Asia-ch U20 Girls"]
[Site "Tashkent UZB"]
[Date "2012.06.04"]
[Round "6.1"]
[White "Pujari, Rucha"]
[Black "Ivana Maria, Furtado"]
[Result "1/2-1/2"]
[WhiteElo "2192"]
[BlackElo "2065"]
[EventDate "2012.05.30"]
[PlyCount "158"]

1.d4 Nf6 2.Nf3 e6 3.g3 d5 4.Bg2 b5 5.O-O Nbd7 6.a4 b4 7.a5 Ba6 8.c3 bxc3 
9.bxc3 Bd6 10.Nbd2 O-O 11.Re1 c5 12.e4 e5 13.exd5 exd4 14.cxd4 Nxd5 15.Ne4
Be7 16.Ba3 c4 17.Bxe7 Qxe7 18.Nc5 Qd6 19.Nh4 Nc3 20.Qg4 Nxc5 21.dxc5 Qf6 
22.Bxa8 Rxa8 23.Qf3 Qxf3 24.Nxf3 Rc8 25.Re7 Bb5 26.Nd4 a6 27.Rae1 Kf8 28.
Nxb5 Nxb5 29.R7e4 c3 30.Rc4 Rc6 31.Kg2 f6 32.f4 f5 33.Re5 g6 34.h3 Kf7 35.
g4 Kf6 36.Re8 Kf7 37.Rb8 Ke6 38.Rd8 Ke7 39.Rd5 Ke6 40.Re5+ Kd7 41.Rd5+ Kc7
42.gxf5 gxf5 43.Rxf5 Rg6+ 44.Kf2 Kc6 45.Re5 Rh6 46.Kg3 Rg6+ 47.Kf3 Rg1 48.
Ke4 Re1+ 49.Kf5 Rd1 50.Kg5 Rd5 51.Kf6 Rd2 52.Ke7 c2 53.f5 Rd7+ 54.Ke8 Na3 
55.Re6+ Kc7 56.Rc3 Rd8+ 57.Ke7 Rd7+ 58.Kf8 Rd3 59.Rxc2 Nxc2 60.f6 Rxh3 61.
f7 Nd4 62.Rxa6 Nc6 63.Kg7 Rg3+ 64.Kxh7 Rf3 65.Kg7 Rg3+ 66.Kf8 Rh3 67.Rb6 
Ne5 68.Re6 Nd7+ 69.Ke7 Rh8 70.Rg6 Ne5 71.Rg8 Rh7 72.Kf6 Nxf7 73.a6 Rh6+ 
74.Kxf7 Rxa6 75.Ke7 Ra5 76.Rg5 Kc6 77.Rg6+ Kxc5 78.Rg5+ Kb4 79.Rxa5 Kxa5 
1/2-1/2

[Event "Asia-ch U20 Girls"]
[Site "Tashkent UZB"]
[Date "2012.06.04"]
[Round "6.2"]
[White "Vo, Thi Kim Phung"]
[Black "Hoang, Thi Nhu Y"]
[Result "1/2-1/2"]
[WhiteElo "2155"]
[BlackElo "2238"]
[EventDate "2012.05.30"]
[PlyCount "66"]

1.d4 d5 2.c4 Nf6 3.Nc3 c6 4.cxd5 Nxd5 5.Nf3 Bf5 6.a3 e6 7.Nxd5 cxd5 8.Bf4 
Bd6 9.Bxd6 Qxd6 10.e3 O-O 11.Bd3 Bxd3 12.Qxd3 Nd7 13.O-O Rfc8 14.Rac1 a6 
15.Rc3 Rc6 16.Rfc1 Rac8 17.h3 g6 18.Rxc6 Rxc6 19.Rc3 Qc7 20.Rxc6 Qxc6 21.
Qd2 Kf8 22.Qb4+ Kg7 23.Qd2 b6 24.Ne1 Kf8 25.Qb4+ Kg7 26.Qd2 Kf8 27.Qb4+ 
Kg7 28.Qd2 Nb8 29.Qc2 Qxc2 30.Nxc2 Nc6 31.Kf1 Kf6 32.Ke2 Ke7 33.Kd3 Kd6 
1/2-1/2

[Event "Asia-ch U20 Girls"]
[Site "Tashkent UZB"]
[Date "2012.06.04"]
[Round "6.3"]
[White "Nandhidhaa, PV"]
[Black "Kurbonboeva, Sarvinoz"]
[Result "1-0"]
[WhiteElo "2176"]
[BlackElo "2199"]
[EventDate "2012.05.30"]
[PlyCount "109"]

1.e4 c5 2.Nf3 Nc6 3.d4 cxd4 4.Nxd4 g6 5.c4 Nf6 6.Nc3 d6 7.Be2 Nxd4 8.Qxd4 
Bg7 9.Bg5 O-O 10.Qd2 a5 11.O-O Be6 12.Rac1 a4 13.f3 Qa5 14.Rfd1 Rfc8 15.
Nd5 Qxd2 16.Bxd2 Bxd5 17.cxd5 Nd7 18.Bb5 Rxc1 19.Rxc1 Nc5 20.Rc2 Bd4+ 21.
Kf1 Kg7 22.Ke2 f5 23.exf5 gxf5 24.Bg5 Kf7 25.Kd1 Ra5 26.Bc4 b6 27.Kc1 Ra8 
28.Re2 Ra7 29.Kb1 Be5 30.g3 a3 31.b3 Bb2 32.h3 Rc7 33.Bb5 e5 34.Rc2 Ra7 
35.b4 Na4 36.Bd2 Kf6 37.Rc6 e4 38.fxe4 fxe4 39.Kc2 Be5 40.Kb3 Nb2 41.Rxb6 
Bxg3 42.Bc3+ Kf5 43.Rb8 e3 44.Re8 Nd1 45.Bd4 Rc7 46.Bd3+ Kf4 47.Bc2 Bf2 
48.Rf8+ Kg3 49.Bxd1 Rc1 50.Bg4 Kg2 51.Kxa3 Bg1 52.Kb2 Rc4 53.Bc3 Bf2 54.
Be2 Rh4 55.b5 1-0

[Event "Asia-ch U20 Girls"]
[Site "Tashkent UZB"]
[Date "2012.06.04"]
[Round "6.4"]
[White "Saranya, J"]
[Black "Pon, NKrithika"]
[Result "1-0"]
[WhiteElo "2091"]
[BlackElo "2150"]
[EventDate "2012.05.30"]
[PlyCount "63"]

1.e4 Nf6 2.Nc3 d5 3.e5 d4 4.Nce2 Ng4 5.f4 c5 6.Nf3 Nc6 7.Ng3 Qc7 8.a4 Nh6 
9.Bc4 e6 10.d3 Bd7 11.O-O Be7 12.Qe2 O-O-O 13.Bd2 Kb8 14.a5 Rde8 15.Kh1 f6
16.c3 Nf7 17.cxd4 cxd4 18.Rac1 Ka8 19.a6 fxe5 20.axb7+ Kxb7 21.fxe5 Nfxe5 
22.Bf4 Bd6 23.Bxe5 Bxe5 24.Ne4 Bf4 25.Rc2 Bd6 26.Bb5 e5 27.Rfc1 Rc8 28.
Bxc6+ Bxc6 29.Rxc6 Qxc6 30.Rxc6 Rxc6 31.Nxd6+ Rxd6 32.Qxe5 1-0

[Event "Asia-ch U20 Girls"]
[Site "Tashkent UZB"]
[Date "2012.06.04"]
[Round "6.5"]
[White "Kulkarni , Bhakti"]
[Black "Mamatkulova, Maftuna"]
[Result "1/2-1/2"]
[WhiteElo "2208"]
[BlackElo "2031"]
[EventDate "2012.05.30"]
[PlyCount "61"]

1.d4 g6 2.c4 Bg7 3.Nc3 Nf6 4.Nf3 d6 5.Bf4 O-O 6.e3 c6 7.h3 a6 8.Be2 b5 9.
a3 Nbd7 10.O-O bxc4 11.Bxc4 c5 12.Bh2 Rb8 13.Rb1 Bb7 14.Qe2 Qb6 15.d5 a5 
16.e4 Ne8 17.Bb5 Bc8 18.Nd2 Nc7 19.Nc4 Qa7 20.a4 Nb6 21.e5 Nxc4 22.Bxc4 
Qb6 23.exd6 exd6 24.Qe7 Ne8 25.Nb5 Bf5 26.Rbe1 Bxb2 27.g4 Bf6 28.Qe2 Bd7 
29.Rb1 Qd8 30.Rb3 Rb6 31.Rfb1 1/2-1/2

[Event "Asia-ch U20 Girls"]
[Site "Tashkent UZB"]
[Date "2012.06.04"]
[Round "6.6"]
[White "Nasriddinzoda, Marvorii"]
[Black "Khursanova, Farida"]
[Result "0-1"]
[WhiteElo "2033"]
[BlackElo "1855"]
[EventDate "2012.05.30"]
[PlyCount "90"]

1.e4 c5 2.c3 d6 3.d4 Nf6 4.Nd2 cxd4 5.cxd4 Qa5 6.Qc2 Nc6 7.Qc3 Qb6 8.Ngf3 
Bg4 9.Bd3 Rc8 10.Nc4 Qc7 11.d5 Nb8 12.Qd4 e5 13.Qe3 Nbd7 14.O-O Nc5 15.b3 
Nxd3 16.Qxd3 Qd7 17.Ba3 Qd8 18.h3 Bh5 19.Rac1 Rb8 20.Bb4 Bg6 21.Nfd2 Be7 
22.Rc3 Nh5 23.g3 O-O 24.Ne3 Qd7 25.Kh2 f5 26.exf5 Bxf5 27.Nxf5 Rxf5 28.Ne4
Nf6 29.Nxf6+ Rxf6 30.Rc4 Rbf8 31.Kg2 Rh6 32.g4 Bg5 33.Bd2 Bxd2 34.Qxd2 
Rhf6 35.Rfc1 Qf7 36.R1c2 Rf3 37.Rc7 Qf6 38.R7c3 e4 39.Re3 Qh4 40.Rxf3 Rxf3
41.Rc8+ Kf7 42.Rc7+ Kg6 43.Rxb7 Qxh3+ 44.Kg1 Qxg4+ 45.Kf1 Rh3 0-1

[Event "Asia-ch U20 Girls"]
[Site "Tashkent UZB"]
[Date "2012.06.04"]
[Round "6.7"]
[White "Bharathi, R"]
[Black "Baizhanova, Zhanar"]
[Result "1-0"]
[WhiteElo "2088"]
[BlackElo "1994"]
[EventDate "2012.05.30"]
[PlyCount "125"]

1.e4 d5 2.exd5 Qxd5 3.d4 Nf6 4.Nc3 Qd8 5.Nf3 Bf5 6.Bc4 c6 7.O-O e6 8.Qe2 
Be7 9.Rd1 O-O 10.h3 Nbd7 11.Nh4 Bg6 12.Nxg6 hxg6 13.Bg5 Nb6 14.Bb3 Nbd5 
15.Nxd5 Nxd5 16.Bd2 Bf6 17.c4 Ne7 18.Bc3 Nf5 19.Qg4 Qb6 20.Rd3 a5 21.Rad1 
Qa6 22.d5 e5 23.d6 Nd4 24.Bxd4 exd4 25.c5 a4 26.Bc2 Qc4 27.R3d2 Qxc5 28.
Qd7 b5 29.Be4 Rad8 30.Qxc6 Qxd6 31.Qxb5 a3 32.bxa3 Qxa3 33.Qb3 Qa5 34.Bxg6
Qg5 35.Bb1 Be5 36.Qf3 Rb8 37.Be4 g6 38.a4 Rfc8 39.g3 Rc3 40.Rd3 Rbb3 41.
Bd5 Rb8 42.Qxf7+ Kh8 43.h4 Qh6 44.Qe6 Bg7 45.Rxc3 dxc3 46.Bb3 g5 47.Qf7 
gxh4 48.Re1 Rf8 49.Re8 Rxe8 50.Qxe8+ Bf8 51.Qf7 Qg7 52.Qxg7+ Kxg7 53.gxh4 
Bc5 54.Kg2 Kh6 55.f4 Kg6 56.Kg3 Kf5 57.Bc2+ Kf6 58.Kg4 Bb4 59.f5 Bc5 60.a5
Bb4 61.a6 Bc5 62.h5 Be3 63.h6 1-0

[Event "Asia-ch U20 Girls"]
[Site "Tashkent UZB"]
[Date "2012.06.04"]
[Round "6.8"]
[White "Shyngys Kyzy, Aijarkyn"]
[Black "Tohirjonova, Gulruhbegim"]
[Result "1/2-1/2"]
[WhiteElo "1733"]
[BlackElo "1947"]
[EventDate "2012.05.30"]
[PlyCount "84"]

1.e4 e5 2.Nf3 Nc6 3.Bb5 Bc5 4.O-O Nf6 5.Nc3 O-O 6.Bxc6 dxc6 7.Nxe5 Bd4 8.
Nf3 Bxc3 9.dxc3 Nxe4 10.Bf4 Nd6 11.Qd2 Bg4 12.Ne5 Bh5 13.f3 f6 14.Nd3 Re8 
15.Rfe1 Nc4 16.Qf2 Bg6 17.Rad1 Rxe1+ 18.Qxe1 Bxd3 19.Rxd3 Qe8 20.Qxe8+ 
Rxe8 21.b3 Ne5 22.Bxe5 Rxe5 23.Rd8+ Kf7 24.Rb8 Re1+ 25.Kf2 Rc1 26.Rxb7 
Rxc2+ 27.Kg3 Rxa2 28.Rxc7+ Kg6 29.Rxc6 a5 30.Rc4 Ra3 31.b4 axb4 32.cxb4 
Rb3 33.Kf4 Rb2 34.Ke3 h5 35.g4 Rxh2 36.gxh5+ Kxh5 37.Rc7 Rb2 38.Rxg7 Rxb4 
39.f4 Kh6 40.Rg1 f5 41.Rg5 Rb5 42.Kd4 Ra5 1/2-1/2

[Event "Asia-ch U20 Girls"]
[Site "Tashkent UZB"]
[Date "2012.06.04"]
[Round "6.9"]
[White "Abdul, Majeed Dina Ameer"]
[Black "Verbova, Polina"]
[Result "1-0"]
[WhiteElo "1877"]
[BlackElo "1912"]
[EventDate "2012.05.30"]
[PlyCount "143"]

1.e4 e5 2.Nf3 Nf6 3.d4 exd4 4.e5 Ne4 5.Qxd4 d5 6.exd6 Nxd6 7.Nc3 Nc6 8.Qf4
g6 9.Bb5 Bg7 10.Bxc6+ bxc6 11.O-O O-O 12.Be3 Bd7 13.Bd4 Bxd4 14.Nxd4 c5 
15.Nb3 Rb8 16.Nd5 Be6 17.Rfd1 Bxd5 18.Rxd5 c4 19.Nc5 Rxb2 20.Qe5 Rb6 21.
Ne4 f6 22.Qe6+ Nf7 23.Qxb6 axb6 24.Rxd8 Nxd8 25.Rd1 Ne6 26.Nc3 Ra8 27.a4 
f5 28.Kf1 Nc5 29.Rb1 Rd8 30.Ke2 Re8+ 31.Kd2 Na6 32.Rb5 Rd8+ 33.Rd5 Rc8 34.
Rd4 Nb4 35.Rxc4 c5 36.Nb5 Ra8 37.c3 Nc6 38.Rf4 Ne5 39.Nc7 Rd8+ 40.Kc2 Nd3 
41.Rc4 Ne5 42.Rh4 h5 43.c4 Ng4 44.Nd5 Rd6 45.f4 Nf2 46.Kd2 Kf7 47.Ke2 Ng4 
48.Rh3 Ke8 49.Rb3 Nxh2 50.Rxb6 Rxb6 51.Nxb6 Kd8 52.a5 Kc7 53.Na4 Ng4 54.
Nxc5 Nf6 55.Ne6+ Kb7 56.Nf8 Ka6 57.Nxg6 Kxa5 58.Kd3 Kb4 59.Kd4 Ne4 60.Ne7 
Nd6 61.Kd5 Nxc4 62.Nxf5 Nd2 63.Ng3 h4 64.f5 Nc4 65.Nf1 Nb6+ 66.Ke6 Kc5 67.
f6 Kc6 68.f7 Nd7 69.Ke7 Kc7 70.Ne3 Ne5 71.Nd5+ Kc6 72.Nf4 1-0

[Event "Asia-ch U20 Girls"]
[Site "Tashkent UZB"]
[Date "2012.06.05"]
[Round "7.1"]
[White "Ivana Maria, Furtado"]
[Black "Nandhidhaa, PV"]
[Result "1-0"]
[WhiteElo "2065"]
[BlackElo "2176"]
[EventDate "2012.05.30"]
[PlyCount "93"]

1.d4 Nf6 2.c4 g6 3.Nc3 d5 4.Nf3 Bg7 5.Bf4 O-O 6.e3 c5 7.dxc5 Qa5 8.Qa4 
Qxc5 9.b4 Qc6 10.b5 Qc5 11.Qb3 e6 12.Rd1 Rd8 13.Be2 b6 14.cxd5 exd5 15.O-O
Bb7 16.Na4 Qe7 17.Rc1 Ne4 18.Rfd1 Nc5 19.Nxc5 bxc5 20.Bg5 f6 21.Bf4 Nd7 
22.Qa3 Rdc8 23.Nd4 Nb6 24.Nb3 Bf8 25.Na5 Kg7 26.Bg4 Rd8 27.Nc6 Bxc6 28.
bxc6 f5 29.c7 Rd7 30.Be2 g5 31.Bg3 f4 32.Qb2+ d4 33.exf4 Rxc7 34.fxg5 Rd8 
35.Bxc7 Qxc7 36.Rxd4 Qe5 37.Rd2 Qxb2 38.Rxb2 Kg6 39.h4 Rd4 40.g3 c4 41.
Rbc2 Ba3 42.Rd1 Re4 43.Kg2 Bc5 44.Rxc4 Nxc4 45.Bd3 Kf5 46.Re1 Nd2 47.f3 
1-0

[Event "Asia-ch U20 Girls"]
[Site "Tashkent UZB"]
[Date "2012.06.05"]
[Round "7.2"]
[White "Hoang, Thi Nhu Y"]
[Black "Pujari, Rucha"]
[Result "0-1"]
[WhiteElo "2238"]
[BlackElo "2192"]
[EventDate "2012.05.30"]
[PlyCount "66"]

1.d4 d5 2.c4 e6 3.Nc3 Nf6 4.Bg5 Be7 5.e3 h6 6.Bh4 O-O 7.Qc2 Ne4 8.Bxe7 
Qxe7 9.Bd3 Nxc3 10.Qxc3 dxc4 11.Bxc4 b6 12.Ne2 Bb7 13.O-O Nd7 14.Ng3 Rfc8 
15.Rad1 Nf6 16.Qd3 h5 17.Ne2 c5 18.f3 h4 19.Bb3 a5 20.Nc3 h3 21.g3 a4 22.
Bxa4 c4 23.Qe2 Nd5 24.Bc2 Nxc3 25.bxc3 Ra3 26.Qd2 g6 27.Bb1 b5 28.Qb2 b4 
29.Qxb4 Qxb4 30.cxb4 Rxe3 31.Be4 Bxe4 32.fxe4 Rxe4 33.Rf2 Rd8 0-1

[Event "Asia-ch U20 Girls"]
[Site "Tashkent UZB"]
[Date "2012.06.05"]
[Round "7.3"]
[White "Saranya, J"]
[Black "Vo, Thi Kim Phung"]
[Result "1-0"]
[WhiteElo "2091"]
[BlackElo "2155"]
[EventDate "2012.05.30"]
[PlyCount "137"]

1.e4 c5 2.Nf3 g6 3.c3 d5 4.Bb5+ Bd7 5.Bxd7+ Qxd7 6.exd5 Qxd5 7.O-O Nc6 8.
d4 Bg7 9.dxc5 Qxc5 10.Qb3 Qb6 11.Qxb6 axb6 12.Be3 b5 13.Na3 b4 14.Nb5 Rc8 
15.cxb4 Nxb4 16.Rac1 Nc6 17.Nfd4 Nf6 18.Nxc6 Rxc6 19.Nd4 Rxc1 20.Rxc1 Nd5 
21.Rc5 Nxe3 22.fxe3 Bxd4 23.exd4 Kd7 24.Rb5 Kc6 25.Rc5+ Kd6 26.Kf2 e6 27.
Ke3 f6 28.Rb5 Kc6 29.Rc5+ Kb6 30.g4 Re8 31.g5 fxg5 32.Rxg5 Rf8 33.Re5 Rf6 
34.Kd3 Kc7 35.Rc5+ Kb6 36.Re5 Ka7 37.b4 h6 38.h4 Kb6 39.a4 Kc6 40.Rc5+ Kd6
41.Rb5 Kc6 42.Rc5+ Kd6 43.Rb5 Kc7 44.Rc5+ Kb6 45.Rc8 Rf3+ 46.Kc4 Rf1 47.
a5+ Ka7 48.Re8 Rc1+ 49.Kd3 Rb1 50.Rxe6 g5 51.hxg5 hxg5 52.Kc4 Rc1+ 53.Kb5 
Rd1 54.Re4 Rd2 55.Rg4 Rd1 56.Kc5 Rc1+ 57.Kd6 Ka6 58.d5 Kb5 59.Kd7 Rc4 60.
Rxg5 Rxb4 61.d6+ Ka6 62.Kd8 b6 63.d7 bxa5 64.Kc7 Rb7+ 65.Kc8 Rxd7 66.Kxd7 
a4 67.Kc6 a3 68.Rg3 Ka5 69.Rxa3+ 1-0

[Event "Asia-ch U20 Girls"]
[Site "Tashkent UZB"]
[Date "2012.06.05"]
[Round "7.4"]
[White "Kurbonboeva, Sarvinoz"]
[Black "Kulkarni , Bhakti"]
[Result "1-0"]
[WhiteElo "2199"]
[BlackElo "2208"]
[EventDate "2012.05.30"]
[PlyCount "81"]

1.d4 Nf6 2.c4 c5 3.d5 b5 4.cxb5 a6 5.bxa6 d6 6.Nc3 Bxa6 7.g3 g6 8.Bg2 Bg7 
9.Nf3 O-O 10.O-O Nbd7 11.Rb1 Ng4 12.Qc2 Qc7 13.b3 Rfb8 14.h3 Nge5 15.Nxe5 
Bxe5 16.Re1 Rb4 17.a3 Rb7 18.Bd2 Rab8 19.f4 Bg7 20.e4 Bd4+ 21.Kh2 Ra7 22.
a4 Nf6 23.Bf1 Bf2 24.Rec1 Nh5 25.g4 Ng7 26.Bxa6 Rxa6 27.Qd3 Qc8 28.Nb5 h6 
29.Bc3 Bh4 30.Ba1 Ne8 31.e5 Kh7 32.f5 gxf5 33.gxf5 f6 34.Rc4 Bf2 35.Rf1 
dxe5 36.Rxf2 Rxb5 37.axb5 Rxa1 38.Qg3 Ng7 39.Qg6+ Kh8 40.Qxh6+ Kg8 41.Rg2 
1-0

[Event "Asia-ch U20 Girls"]
[Site "Tashkent UZB"]
[Date "2012.06.05"]
[Round "7.5"]
[White "Pon, NKrithika"]
[Black "Bharathi, R"]
[Result "1/2-1/2"]
[WhiteElo "2150"]
[BlackElo "2088"]
[EventDate "2012.05.30"]
[PlyCount "95"]

1.e4 c5 2.Nc3 e6 3.f4 Nc6 4.Bb5 Nge7 5.Nf3 a6 6.Bxc6 Nxc6 7.O-O Be7 8.d4 
cxd4 9.Nxd4 Qc7 10.Be3 O-O 11.Kh1 d6 12.Qh5 Nxd4 13.Bxd4 f5 14.Rae1 Bd7 
15.Rf3 Be8 16.Qh3 Bc6 17.Rfe3 Bd8 18.exf5 exf5 19.Qg3 Qf7 20.Re6 Rc8 21.
Rxd6 Ba5 22.Rde6 Bxc3 23.Bxc3 Be4 24.Rd6 Rc7 25.Red1 Qxa2 26.h3 Qf7 27.Qg5
Qe7 28.Qg3 Qf7 29.Kh2 Re8 30.Rd8 Re7 31.R8d6 Bxc2 32.R1d2 Be4 33.Be5 Bc6 
34.Qg5 Re6 35.Rxe6 Rxe6 36.Rd8+ Re8 37.Rd6 a5 38.h4 Qe7 39.Qg3 Qf7 40.Kg1 
Re7 41.Qg5 Rd7 42.Rxd7 Qxd7 43.h5 Qd1+ 44.Kh2 Qg4 45.Qd8+ Kf7 46.Qc7+ Ke6 
47.Qd6+ Kf7 48.Qd4 1/2-1/2

[Event "Asia-ch U20 Girls"]
[Site "Tashkent UZB"]
[Date "2012.06.05"]
[Round "7.6"]
[White "Abdul, Majeed Dina Ameer"]
[Black "Khursanova, Farida"]
[Result "1-0"]
[WhiteElo "1877"]
[BlackElo "1855"]
[EventDate "2012.05.30"]
[PlyCount "101"]

1.e4 c5 2.Nf3 d6 3.d4 cxd4 4.Nxd4 Nf6 5.Nc3 a6 6.Bg5 Qa5 7.Qd2 Nbd7 8.Bc4 
e6 9.O-O-O b5 10.Bb3 b4 11.Nd5 Nxe4 12.Qxb4 Qc5 13.Nxe6 fxe6 14.Qxe4 Ne5 
15.Nc7+ Qxc7 16.Qxa8 Be7 17.Bxe7 Kxe7 18.Qe4 Bb7 19.Qh4+ Kf7 20.Qh3 d5 21.
f4 Nc4 22.Rhe1 Qxf4+ 23.Kb1 Bc8 24.Bxc4 Qxc4 25.Rf1+ Ke7 26.Qa3+ Ke8 27.
Qd6 Bd7 28.Rf3 Qc6 29.Qb8+ Qc8 30.Qe5 Rf8 31.Rxf8+ Kxf8 32.Rf1+ Kg8 33.Rf3
h6 34.Qf4 Qc5 35.a3 Bb5 36.Re3 Bc4 37.b3 d4 38.Rg3 Bb5 39.Qxh6 Qe5 40.Qd2 
Qd6 41.Qg5 Qd7 42.Qg6 a5 43.Rh3 Bc6 44.Qh7+ Kf8 45.Qh8+ Kf7 46.Rg3 Kf6 47.
Qf8+ Qf7 48.Qd8+ Ke5 49.Rg5+ Ke4 50.Rg4+ Ke3 51.Qxd4+ 1-0

[Event "Asia-ch U20 Girls"]
[Site "Tashkent UZB"]
[Date "2012.06.05"]
[Round "7.7"]
[White "Mamatkulova, Maftuna"]
[Black "Nasriddinzoda, Marvorii"]
[Result "1-0"]
[WhiteElo "2031"]
[BlackElo "2033"]
[EventDate "2012.05.30"]
[PlyCount "199"]

1.d4 d6 2.Nf3 Bg4 3.g3 Bxf3 4.exf3 g6 5.Bg2 Bg7 6.O-O c6 7.c4 Nf6 8.Nc3 d5
9.c5 O-O 10.Be3 Nbd7 11.f4 e6 12.b4 Ne8 13.Rc1 Nc7 14.a4 a6 15.h4 Qe7 16.
Qd3 Rfc8 17.Rb1 b5 18.Ra1 Rcb8 19.Rfb1 Qd8 20.Bf1 Nf6 21.Be2 Nfe8 22.Kg2 
Bf6 23.h5 Ng7 24.hxg6 hxg6 25.g4 bxa4 26.Rxa4 Nb5 27.Rba1 Qc8 28.Nb1 Ne8 
29.Nd2 Bg7 30.g5 Nec7 31.Nf3 Qd7 32.Rh1 Rb7 33.Raa1 Rab8 34.Rh4 Na7 35.Bd2
Nc8 36.Nh2 Ne7 37.Bg4 Nf5 38.Bxf5 exf5 39.Nf3 Kf8 40.Rh7 Ne6 41.Rxa6 Rxb4 
42.Be3 Rb3 43.Qd1 Qb7 44.Ra1 Rb1 45.Rxb1 Qxb1 46.Qa4 Qb7 47.Rh1 Ra8 48.Qc2
Qc7 49.Qd2 Ra4 50.Rb1 Ra7 51.Rb6 Ke7 52.Rb4 Rb7 53.Rxb7 Qxb7 54.Qa5 Kd7 
55.Kg3 Qc7 56.Qa8 Qc8 57.Qa7+ Nc7 58.Ne5+ Bxe5 59.dxe5 Qa8 60.Qb6 Qa4 61.
Qb2 Qb5 62.e6+ Nxe6 63.Qf6 Ke8 64.Qh8+ Nf8 65.Qe5+ Kd8 66.Qf6+ Ke8 67.Qe5+
Ne6 68.Qh8+ Kd7 69.Qf6 Nd8 70.Qd6+ Kc8 71.Qf6 Qb1 72.Kg2 Qe4+ 73.Kg1 Qe6 
74.Qa1 Nb7 75.Bd4 Nd8 76.Bf6 Kd7 77.Be5 Ke8 78.Bc7 Qc8 79.Qh8+ Kd7 80.Bd6 
Ne6 81.Qf6 Qe8 82.Qa1 Qc8 83.Qa7+ Nc7 84.Be5 Kd8 85.Qb6 Qd7 86.Qb8+ Qc8 
87.Bxc7+ Kd7 88.Be5 Qxb8 89.Bxb8 d4 90.Kf1 Ke6 91.Ke2 Kd5 92.Bd6 Kc4 93.
Kd2 d3 94.Be5 Kxc5 95.Kxd3 Kd5 96.f3 Kc5 97.Kc3 Kd5 98.Bf6 Kc5 99.Be7+ Kd5
100.Bf8 1-0

[Event "Asia-ch U20 Girls"]
[Site "Tashkent UZB"]
[Date "2012.06.05"]
[Round "7.8"]
[White "Tohirjonova, Gulruhbegim"]
[Black "Verbova, Elena"]
[Result "1/2-1/2"]
[WhiteElo "1947"]
[BlackElo "1973"]
[EventDate "2012.05.30"]
[PlyCount "101"]

1.e4 e5 2.Nf3 Nf6 3.Nc3 Nc6 4.d4 exd4 5.Nxd4 Bb4 6.Nxc6 bxc6 7.Bd3 d5 8.
exd5 cxd5 9.O-O O-O 10.Bg5 c6 11.Na4 Be7 12.Re1 Be6 13.c3 Re8 14.Bc2 Qc7 
15.Qd3 g6 16.Qd4 Ng4 17.Bf4 Qc8 18.b4 Bf5 19.Bxf5 Qxf5 20.h3 Nf6 21.Re5 
Qd7 22.Nc5 Bxc5 23.bxc5 Re6 24.Rae1 Rae8 25.Rxe6 Rxe6 26.Rb1 Ne8 27.f3 f6 
28.a4 g5 29.Bb8 Re2 30.Kf1 Re7 31.Qg4 Qd8 32.Bg3 Qa5 33.Qd4 Qa6+ 34.Kg1 
Kf7 35.Rb8 Ng7 36.Bf2 Ne6 37.Qb4 Kg7 38.h4 h6 39.Bg3 Qe2 40.Kh2 f5 41.Bd6 
Rf7 42.Rb7 f4 43.Rxf7+ Kxf7 44.Qb1 Ng7 45.h5 Qe6 46.Qb7+ Kg8 47.Qb8+ Kh7 
48.Qc7 Qe1 49.Be5 Qh4+ 50.Kg1 Qe1+ 51.Kh2 1/2-1/2

[Event "Asia-ch U20 Girls"]
[Site "Tashkent UZB"]
[Date "2012.06.06"]
[Round "8.1"]
[White "Ivana Maria, Furtado"]
[Black "Saranya, J"]
[Result "1-0"]
[WhiteElo "2065"]
[BlackElo "2091"]
[EventDate "2012.05.30"]
[PlyCount "81"]

1.d4 Nf6 2.c4 g6 3.Nc3 Bg7 4.e4 d6 5.Be2 O-O 6.Bg5 Nbd7 7.Qd2 c5 8.d5 Qa5 
9.Nf3 a6 10.O-O b5 11.cxb5 axb5 12.Bxb5 Ba6 13.Bxa6 Rxa6 14.Bh6 Rb8 15.
Bxg7 Kxg7 16.Qc2 Nb6 17.Nd2 c4 18.Rab1 Qc5 19.b4 Qd4 20.a4 Qd3 21.Qxd3 
cxd3 22.a5 Rc8 23.Rbc1 Nbd7 24.Na2 Raa8 25.Rxc8 Rxc8 26.Rc1 Rc2 27.Rxc2 
dxc2 28.Kf1 e6 29.dxe6 fxe6 30.Ke2 Ne5 31.b5 d5 32.f4 Ned7 33.e5 Ne8 34.
Nb3 g5 35.g3 gxf4 36.gxf4 Nc7 37.Nd4 Nc5 38.Kd2 Nxb5 39.Nxb5 Nb3+ 40.Kxc2 
Nxa5 41.Nd4 1-0